000 00327nam a2200157Ia 4500
003 0STCL
008 150530s9999 xx 000 0 und d
040 _aSTCL
_cSTCL
100 _aJameson
245 _aCloudless may
260 _c1945
546 _aEnglish
942 _2ddc
_cBK
999 _c57139
_d57139
005 20220125171021.0